00704nam a2200169 a 4500008004100000020001800041050001600059100002200075245010000097260004100197300001600238350001000254650002100264995010000285999001700385952013200402150617s2014 ||||||||||||||||| || u a9781452219929 aHV 7419 Gib aGiblin, Matthew J10aOrganization and management in the criminal justice system: a text/readercby Matthew J. Giblin aLos AngelesbSAGE Publicationsc2014 axxii, 648p. a89.00 aCRIMINAL JUSTICE FCBU-MAIN LIBRARY (Kitwe)I89.00M1UAVAILABLEWSep 3, 2015ZMain Library Open Access Collection c52828d52828 00102lcc4070a001b001cMain Library Open Access Collectiond2022-11-30l0oHV 7419 Gibp745531r2022-11-30w2022-11-30y002